00384 a2200109 4500001001000000005001700010008004100027245010600068100002100174773006200195999001700257ART_4715220260410161850.0260409a 10aLos sindicatos y las nuevas tendencias en las relaciones laborales y en la organización del trabajo1 aMontuschi, Luisa0 tEconómicag- Año XLV, Nº 1 (ene./jun. 1999)wREV7541 c24934d24934